00523nam a2200193 a 4500001001300000003000900013005001700022008004100039020000900080082001500089100002200104245005500126260002800181300000900209500003500218505001500253650003900268700002200307nice12345678IN_TiNIC20260116011434.0050524s1961 lona grp 000 0 eng  ac2600a225.6bRIC aRichardson, Allen aIntroduction to the Theology of the New Testament. aLondonbSCM Pressc1961 a423p aincludes index and biblioraphy2 aReference. aBible N.T. Criticism-Interpretaion1 aRichardson, Allen